A Brief History of Christian Worship (Record no. 11373)

MARC details
000 -LEADER
fixed length control field 00574nam a2200229 a 4500
001 - CONTROL NUMBER
control field 0001-1373
003 - CONTROL NUMBER IDENTIFIER
control field ELIB.Books
008 - FIXED-LENGTH DATA ELEMENTS--GENERAL INFORMATION
fixed length control field 160712 2010 eng
020 ## - INTERNATIONAL STANDARD BOOK NUMBER
International Standard Book Number 0687034140
035 ## - SYSTEM CONTROL NUMBER
System control number (ELIB.Books)0001-1528
092 ## - LOCALLY ASSIGNED DEWEY CALL NUMBER (OCLC)
Classification number 264
Item number Whi
100 ## - MAIN ENTRY--PERSONAL NAME
Personal name White, James F.
245 ## - TITLE STATEMENT
Title A Brief History of Christian Worship
260 ## - PUBLICATION, DISTRIBUTION, ETC. (IMPRINT)
Place of publication, distribution, etc. Nashville
Name of publisher, distributor, etc. Abingdon Press
Date of publication, distribution, etc. 1993
300 ## - PHYSICAL DESCRIPTION
Extent 192
Dimensions 23 Cm
650 ## - SUBJECT ADDED ENTRY--TOPICAL TERM
Topical term or geographic name as entry element Worship
856 ## - ELECTRONIC LOCATION AND ACCESS
Name of location of host KBTS Library
Uniform Resource Identifier <a href="Elib">Elib</a>
942 ## - ADDED ENTRY ELEMENTS (KOHA)
Source of classification or shelving scheme Dewey Decimal Classification
Koha item type Books
990 ## - EQUIVALENCES OR CROSS-REFERENCES [LOCAL, CANADA]
Link information for 9XX fields 1
998 ## - LOCAL CONTROL INFORMATION (RLIN)
Cataloger's initials, CIN (RLIN) bat
-- 2016-07-12
-- cat
-- 2018-11-14
Holdings
Withdrawn status Lost status Source of classification or shelving scheme Damaged status Not for loan Home library Current library Date acquired Total Checkouts Barcode Date last seen Bill Date Koha item type
    Dewey Decimal Classification     Karen Baptist Theological Seminary Library Karen Baptist Theological Seminary Library 12/07/2016   E000015841 22/01/2022 22/01/2022 Books
Implemented & Customized by: BestBookBuddies

Powered by Koha